00398pab a2200157 454500008004000000100001400040245005200054260000900106300001300115362000800128650002700136650002900163650002100192700001600213773001100229180718b2004 xxu||||| |||| 00| 0 eng d aKumar, D. aAnimal husbandry and dairying during Tenth Plan c2004 ap.47-48. aMay aDairy industry - India aAnimal husbandry - India aAnimal husbandry aSudakar, T. aYojana